| 000 | 01519nam0a22003131 4500 | ||
|---|---|---|---|
| 001 | rc\3198921 | ||
| 005 | 20260407131130.0 | ||
| 021 |
_aRU _b[76-98959] |
||
| 035 | _a(NLR Aleph) 007354033 | ||
| 090 |
_a6238946 _c6238946 |
||
| 100 | _a20120628d1976 |||y0rusy50 ca | ||
| 101 | 0 | _arus | |
| 102 | _aRU | ||
| 105 | _aa z ||||| | ||
| 200 | 1 |
_aМетоды рудной геофизики _eИспользование естеств. и искусств. переменных электр. полей при геол. картировании и поисках _eТруды _fМ-во геологии СССР, Науч.-произв. объединение "Геофизика" _g[Науч. ред. Г.А. Тарасов, Г.М. Сомов] |
|
| 210 |
_aЛенинград _cГеофизика _d1976 |
||
| 215 |
_a97 с. _cил. _d21 |
||
| 320 | _aСписки лит. в конце работ | ||
| 606 |
_aРудные месторождения _xПоиски и разведка _jСборники _2psbo |
||
| 606 |
_aЭлектроразведка _jСборники _2psbo |
||
| 606 |
_aГеологическое картирование _jСборники _2psbo |
||
| 702 | 1 |
_aТарасов _bГ.А. _gГений Александрович _4340 |
|
| 702 | 1 |
_aСомов _bГ.М. _4340 |
|
| 712 | 0 | 2 |
_a"Геофизика", объединение _cЛенинград _3RU\NLR\AUTH\889982211 _9460391 |
| 801 | 0 |
_aRU _bNLR _gpsbo |
|
| 801 | 1 |
_aRU _bELAR _2rusmarc |
|
| 852 |
_aNLR _j77-6/1975 |
||
| 942 | _cBOOK | ||
| 980 | _aNB | ||